Megújuló energiaforrások Kínában, különös tekintettel a szélenergiára

Bibliográfiai részletek
Szerző: Balogh László
További közreműködők: Antalóczy Dr. Katalin
Dokumentumtípus: Diplomadolgozat
Kulcsszavak:Kína
Megújuló energiaforrások
Szélenergia
Fenntartható fejlődés
Online Access:http://dolgozattar.uni-bge.hu/3922

MARC

LEADER 00000nta a2200000 i 4500
001 dolg3922
005 20160530134559.0
008 151207suuuu hu om 000 hun d
040 |a BGE Dolgozattár Repozitórium  |b hun 
041 |a hu 
100 1 |a Balogh László 
245 1 0 |a Megújuló energiaforrások Kínában, különös tekintettel a szélenergiára  |c Balogh László  |h [elektronikus dokumentum] 
695 |a Kína 
695 |a Megújuló energiaforrások 
695 |a Szélenergia 
695 |a Fenntartható fejlődés 
700 1 |a Antalóczy Dr. Katalin  |e ths 
856 4 0 |u http://dolgozattar.uni-bge.hu/3922/1/Balogh%20L%C3%A1szl%C3%B3_szakdolgozat.pdf  |z Dokumentum-elérés